| 000 | 00819nam a2200217Ia 4500 | ||
|---|---|---|---|
| 003 | OSt | ||
| 005 | 20250414125653.0 | ||
| 008 | 191128s2014 bl er 000 f spa d | ||
| 020 | _a9788571407299 | ||
| 040 |
_aCO-JMCR _cCO-JMCR |
||
| 041 | _aspa | ||
| 082 | 0 | 4 |
_aA-N _bFORu |
| 100 | 1 |
_aFormigoni, Rogério, _eautor _99923 |
|
| 245 | 1 | 0 |
_aLa últiam piedra / _cRogério Formigoni |
| 250 | _aprimera edición | ||
| 260 |
_aRio de Janeiro : _bUnipro Editorial, _c2014 |
||
| 300 | _a111 páginas : | ||
| 520 | _aMuchas personas tienen vicios, aun sin saberlo. Vemos eso todos los días en aquellos con quienes convivimos. La palabra vicio, que viene del latín vittium y significa "defecto físico o imperfección grave que compromete su capacidad". | ||
| 650 |
_aNovela brasileña _ysigloXX _99924 |
||
| 942 |
_2ddc _cBK |
||
| 999 |
_c3274 _d3274 |
||